| 000 | 00893nam a22002537a 4500 | ||
|---|---|---|---|
| 005 | 20170124105956.0 | ||
| 010 | _aA-791591 | ||
| 020 |
_c00.00 _a8170246911 |
||
| 035 | _aA-791591 | ||
| 037 | _bCen Lib/Ret | ||
| 040 |
_aDPL _bEN |
||
| 082 |
_a355.622 _bARM |
||
| 245 |
_aArms spending,development and security / _cedited by Manas Chatterji,Jacques Fontanel [and] Akira Hattori |
||
| 260 |
_aNew Delhi _bAPH Publishing Corporation _c1996 |
||
| 270 |
_bNew Delhi _a5, Ansari ROad, Daryagnaj _e110002 |
||
| 300 |
_axxix,431p. : _c20cm(Hb) _bill. |
||
| 500 | _aIncludes index | ||
| 650 |
_aDisarmament -- Economic aspects. _914770 |
||
| 650 |
_a National security -- Economic aspects -- Developing countries. _914771 |
||
| 700 |
_aChatterji, Manas _914772 |
||
| 700 |
_aFontanel, Jacques _914773 |
||
| 700 |
_aHattori, Akira _914774 |
||
| 942 |
_2ddc _cEN _h355.622 _mARM |
||
| 999 |
_c125561 _d125561 |
||